| 000 | 00437cam a2200169ua 4500 | ||
|---|---|---|---|
| 020 | _c85.00 | ||
| 041 |
_aeng _h |
||
| 082 |
_a631.4012 _bLAR/ME |
||
| 100 | _aLarionou, A K . | ||
| 245 |
_aMethods of studying soil structure / _cA K Larionou. _hTextual Documents |
||
| 260 |
_aNew Delhi : _bAmerind Publishing Co Pvt Ltd , _c1982. |
||
| 300 | _a193 ; . | ||
| 365 | _a85.00 | ||
| 504 | _a | ||
| 942 | _cBK | ||
| 999 |
_c2693 _d2693 |
||